01017nac a22002417a 4500001001000000003000900010005001700019008003400036040005400070072001300124110007200137245032900209260003600538300001000574490009700584650002100681650001300702650000900715650001200724650001000736650001800746650001100764BR8104548BR-BrBNA20240105115037.0230509b bl.|||m| |||| 00| 0 por d aBR-BrBNAbporcBiblioteca Nacional de Agricultura aF30; F001 aOrganizacao das Cooperativas do Estado do Parana, Cascavel (Brasil)1 aOCEPAR participou do 2. Seminario Nacional de pesquisa de soja. Dia de campo, soja. Tecnica da OCEPAR/soja realizara curso de mestrado em genetica e melhoramento de plantas. Tecnico da OCEPAR no Mexico. Levantamento e prevensao de perdas na colheita de trigo - 1980 [Organizacao das Cooperativas do Estado do Parana, Brasil]3 aCascavel, PR (Brasil): c1981.  a10 p. aInformativo da Pesquisa - Organizacao das Cooperativas do Estado do Parana (Brazil)vno. 2x aGENETICA VEGETAL aCOLHEITA aSOJA aSEMENTE aTRIGO aABASTECIMENTO aPARANA